000
00197nam a22001097a 4500
040
_c
SK
082
_a
523
100
_a
NA
245
_a
Les phenomenes generaux
260
_a
NA
_b
NA
_c
NA
942
_c
EK
999
_c
9474
_d
9474